| 000 | 00576pam a2200205 a 4500 | ||
|---|---|---|---|
| 020 |
_a9788184482881 _c1995.00 (HB) |
||
| 041 |
_aeng _hNULL |
||
| 082 |
_a618 _bKUM/MAL |
||
| 100 | _aKUMAR, P.MALHOTRA N. | ||
| 245 |
_aJEFFCOATE`S PRINCIPLES OF GYNAECOLOGY / _cNULL. _hTextual Documents |
||
| 250 |
_a7 ED/ _b. |
||
| 260 |
_aNULL : _bJAYPEE BROTHERS MEDICAL PUB. , _c2008. |
||
| 300 |
_a964 : : _bXII ; ; _cNULL . + _eHB. |
||
| 365 |
_a1995.00 _e2 |
||
| 700 | _aMALHOTRA, N . | ||
| 907 |
_a6505 _a6506 |
||
| 930 | _a2781 | ||
| 999 |
_c797316 _d797316 |
||
| 650 | _aOBST.GYNE | ||